UBT Library

A dictionary of archaeology, (Record no. 38992)

000 -LEADER
fixed length control field 00602nam a2200229 4500
001 - CONTROL NUMBER
control field 3663150
005 - DATE AND TIME OF LATEST TRANSACTION
control field 20171215044313.0
008 - FIXED-LENGTH DATA ELEMENTS--GENERAL INFORMATION
fixed length control field 710823s1970 enkabeh d 000 0 eng
010 ## - LIBRARY OF CONGRESS CONTROL NUMBER
LC control number 76586300
015 ## - NATIONAL BIBLIOGRAPHY NUMBER
National bibliography number B70-28677
020 ## - INTERNATIONAL STANDARD BOOK NUMBER
International Standard Book Number 0713901373
040 ## - CATALOGING SOURCE
Original cataloging agency DLC
Transcribing agency DLC
Modifying agency DLC
041 ## - LANGUAGE CODE
Language code of text/sound track or separate title eng
080 ## - UNIVERSAL DECIMAL CLASSIFICATION NUMBER
Universal Decimal Classification number R 913.031/03
082 00 - DEWEY DECIMAL CLASSIFICATION NUMBER
Classification number R 913.031/03 BRA
100 1# - Rafti
Rafti 26
101 ## - Shkurtesa
Shkurtesa FJA
245 12 - TITLE STATEMENT
Title A dictionary of archaeology,
Statement of responsibility, etc by Warwick Bray, David Trump; with drawings by Judith Newcomer.
350 ## - PRICE (NR) (BK AM CF MU VM SE) [OBSOLETE]
Price 45/-
906 ## - LOCAL DATA ELEMENT F, LDF (RLIN)
a 7
b cbc
c orignew
d 4
e ncip
f 19
g y-gencatlg
942 ## - ADDED ENTRY ELEMENTS (KOHA)
Source of classification or shelving scheme
Item type Books
Holdings
Withdrawn status Lost status Source of classification or shelving scheme Damaged status Not for loan Collection code Permanent location Current location Shelving location Date acquired Total Checkouts Full call number Barcode Date last seen Price effective from Koha item type
          Koleksioni i përgjithshem UBT - Lipjan UBT - Lipjan Koleksioni i përgjithshem 12/15/2017   R 913.031/03 BRA 002-29596 12/15/2017 12/15/2017 Reference
UBT Library © 2015-2024. All rights reserved University Education for Business and Technology